000 00794nam a22002057a 4500
003 DO-SdBNP
005 20211115134149.0
007 ta
008 211115b2020 dr ||||| |||| 00| 0 spa d
020 _a9789945922226
040 _aDO-SdBNP
_bsap
_cBNPHU
245 0 0 _aPolítica de Investigación del Instituto Superior de Formación Docente Salomé Ureña (ISFODOSU) /
_ccoodinación editorial: Margarita Marmolejos V. ; corrección: Miguelina Crespo y Vilma Martínez.
260 _aSanto Domingo :
_bInstituto Superior de Formación Docente Salomé Ureña,
_c2020.
300 _a50 p. ;
_c23 cm.
504 _aBibliografía : p. 47-50
590 _aInventariado, 2021 /LP
700 1 _aMarmolejos V., Margarita,
_ecoodinación
_980632
910 _aLopérez
942 _2ddc
_cLBS1
999 _c50966
_d50966